<?xml version="1.0" encoding="UTF-8"?>
<record
    xmlns:xsi="http://www.w3.org/2001/XMLSchema-instance"
    xsi:schemaLocation="http://www.loc.gov/MARC21/slim http://www.loc.gov/standards/marcxml/schema/MARC21slim.xsd"
    xmlns="http://www.loc.gov/MARC21/slim">

  <leader>00718naa a2200157 i 4500</leader>
  <controlfield tag="001">8938</controlfield>
  <controlfield tag="003">KOSZ 005</controlfield>
  <controlfield tag="005">20180427154401.0</controlfield>
  <controlfield tag="008">140903s1978    pl     f     |000 0 pol</controlfield>
  <datafield tag="040" ind1=" " ind2=" ">
    <subfield code="c">BPK</subfield>
    <subfield code="d">KOSZ 005/EG</subfield>
  </datafield>
  <datafield tag="041" ind1=" " ind2=" ">
    <subfield code="a">pol</subfield>
  </datafield>
  <datafield tag="100" ind1="1" ind2=" ">
    <subfield code="a">BIL, Tadeusz.</subfield>
    <subfield code="d">1974 - 1996.</subfield>
    <subfield code="b">Wy&#x17C;sza Szko&#x142;a In&#x17C;ynierska w Koszalinie - Wydzia&#x142; Mechaniczny,</subfield>
    <subfield code="c">Zak&#x142;ad Technologii Maszyn</subfield>
  </datafield>
  <datafield tag="245" ind1="1" ind2="0">
    <subfield code="a">&#x41F;&#x435;&#x440;&#x435;&#x434;&#x430;&#x442;&#x43E;&#x447;&#x43D;&#x44B;&#x439; &#x440;&#x44B;&#x447;&#x430;&#x436;&#x43D;&#x44B;&#x439; &#x43C;&#x435;&#x445;&#x430;&#x43D;&#x438;&#x437;&#x43C; :</subfield>
    <subfield code="b">&#x430;&#x432;&#x442;&#x43E;&#x440;&#x441;&#x43A;&#x43E;&#x435; &#x441;&#x432;&#x438;&#x434;&#x435;&#x442;&#x435;&#x43B;&#x44C;&#x441;&#x442;&#x432;&#x43E; &#x421;&#x421;&#x421;&#x420; &#x2116; 638766 /</subfield>
    <subfield code="c">&#x422;. &#x411;&#x438;&#x43B;&#x44C;, &#x42E;. &#x417;. &#x422;&#x435;&#x43D;&#x435;&#x43D;&#x431;&#x430;&#x443;&#x43C;.</subfield>
  </datafield>
  <datafield tag="773" ind1="0" ind2=" ">
    <subfield code="i">W :</subfield>
    <subfield code="t">&#x41E;&#x444;&#x438;&#x446;&#x438;&#x430;&#x43B;&#x44C;&#x43D;&#x44B;&#x439; &#x431;&#x44E;&#x43B;&#x43B;&#x435;&#x442;&#x435;&#x43D;&#x44C; "&#x418;&#x437;&#x43E;&#x431;&#x440;&#x435;&#x442;&#x435;&#x43D;&#x438;&#x44F;. &#x41F;&#x43E;&#x43B;&#x435;&#x437;&#x43D;&#x44B;&#x435; &#x43C;&#x43E;&#x434;&#x435;&#x43B;&#x438;". -</subfield>
    <subfield code="g">1978, nr 47</subfield>
  </datafield>
  <datafield tag="942" ind1=" " ind2=" ">
    <subfield code="c">ART</subfield>
    <subfield code="2">UKD</subfield>
  </datafield>
  <datafield tag="999" ind1=" " ind2=" ">
    <subfield code="c">8938</subfield>
    <subfield code="d">8938</subfield>
  </datafield>
</record>
